000 00550cam a22001932 4500
001 0000000473
005 20151217155801.0
008 070205s xx 000 0 eng d
040 _aKABU
_cKABU
050 0 _aDT449
_b.Z27G73
100 1 _aGray, John.
_@0000067557
245 1 0 _aHistory of Zanzibar from the middle ages to 1856 /
_cJohn Gray.
260 _aLondon :
_bOUP,
_c1962.
300 _a314 p.
651 0 _aZanzibar
_xHistory.
_@0000148679
908 _a070205
950 _@1
999 _c12338
_d12338